| 000 | 00757nam a2200229Ii 4500 | ||
|---|---|---|---|
| 003 | JO-AjNU | ||
| 008 | 230605s9999||||xx |||||||||||||| ||und|| | ||
| 017 | _a2003/10/2197 | ||
| 020 | _a9957-11-409-3 | ||
| 040 |
_aJO-AjNU _bara _erda _cJO-AjNU |
||
| 041 | _aara | ||
| 050 | 1 | 4 | _aLC3969.K4348 2004 |
| 100 | 3 |
_aالخطيب،جمال, _eauthor _926214 |
|
| 245 | 0 | 0 | _aتعليم الطلبة ذوي الحاجات الخاصة في المدارس العادية |
| 250 | _aط1 | ||
| 264 | 3 | 1 | _aعمان:دار وائل،2004 |
| 300 | _a304ص | ||
| 336 |
_atext _btxt _2rdacontent |
||
| 337 |
_aunmediated _bn _2rdamedia |
||
| 338 |
_avolume _bnc _2rdacarrier |
||
| 650 | 4 |
_a التخلف العقلي-الأطفال المعوقون-تعليم _926215 |
|
| 999 |
_aA9905 _c13473 _d13473 |
||